01476nam a2200337 a 4500001001000000003000500010005001700015008004100032010001100073011001100084040000900095090001000104100003400114245025200148260004100400500006000441502010700501590004100608590004000649590004000689650003700729650006500766650004400831650003700875856007000912901000700982942001000989942000600999999001901005952011401024000116271CHAP20220329144608.0191017s2019 mx a |sm |||||||spa d a112732 a113704 cCHAP aTesis1 aGuillen Cruz, Rafael.913708910aExperiencia profesional en procesos de certificación orgánica y comercio justo de organizaciones de pequeños productores de café en el Estado de Chiapas, caso Fedcafe F.C. de R.L. y Ucoaac S. de S.S.h[En línea]cpor Rafael Guillen Cruz. aChapingo, Méx. :bEl autor,c2019. aPara ver el contenido del material haga clic en la liga aTesis (Ingeniero en Economía Agrícola) -- UACH. División de Ciencias Económico-Administrativas aBATCH-UPDb05c20191017lUCH01h1545 aE6337LMJb05c20191017lUCH01h1544 aE6337LMJb05c20191017lUCH01h154414aCaféxCertificación.913530714aCaféxOrganización de productoresxEvaluación.913134414aCaféxSociedades cooperativas.91720214aCafeticultoreszChiapas.9125716 aFinding aiduhttp://10.13.5.2/tesis/sist116271.pdfzTeclea aquí aBK cTESIS n0 c112732d112732 00102local40718TESISaBCbBCd2019-10-17fTESISl0oTesisp116283-10r2019-12-31 00:00:00w2019-10-17yCD